All Police Emergency Numbers - Statistics

General Stats
  • This quiz has been taken 122 times
  • The average score is 17 of 47
Answer Stats
Countries Emergency # % Correct
Antigua, Argentina, Armenia, Bahamas, Barbados, Belize, Bolivia, Canada, Costa Rica, Dominican Republic, Ecuador, El Salvador, Ethiopia, Fiji, Grenada, Honduras, Iraq, Jordan, Kenya, Marshall Islands, Mexico, Micronesia, Palau, Panama, Paraguay, Peru, Philippines, Saudi Arabia, Solomon Islands, St Kitts, St Lucia, St Vincent,Thailand, Tonga, Trinidad, Tuvalu, United States, Uruguay, Venzuela 911
94%
Antigua, Bahrain, Bangladesh, Botswana, Dominica, Eswatini, Guyana, (Hong Kong), Ireland, Kenya, Kiribati, Lebanon, (Macao), Malaysia, Myanmar, Qatar, Samoa, Seychelles, Singapore, Solomon Islands, South Sudan, St Lucia, St Vincent, Sudan, Trinidad, United Arab Emirates, United Kingdom, Zambia, Zimbabwe 999
86%
Ivory Coast, New Zealand 111
83%
Austria, Armeni, Bulgaria, Cameroon, Cyprus, Denmark, DR Congo, East Timor, Estonia, Finland, Georgia, Guinea-Bissau, Iceland, India, Indonesia, Iraq, Ireland, Italy, Ghana, Guinea Bissau, Kazakhstan, Kenya, Kuwait, Latvia, Lithuania, Lebanon, Luxembourg, Malta, Mauritius, Moldova, Netherlands, Nigeria, Norway, Papua New Guinea, Portugal, Romania, Rwanda, Sao Tome, Serbia, Seychelles, Slovenia, South Korea, Spain, Sweden, Syria, Tanzania, Tajikistan, Turkey, Turkmenistan, Uganda, United Kingdom, Vanuatu, Vatican City 112
70%
Australia 000
65%
Somalia 888
56%
Belgium 101
55%
Andorra, China, Germany, Guatemala, Iran, Ivory Coast, Japan, Nauru, North Korea, Taiwan 110
55%
Afghanistan, Jamaica, Maldives, Mozambique, Sri Lanka 119
52%
Israel, Greece, Nepal 100
50%
Equatorial Guinea, Haiti 114
50%
Pakistan 15
50%
Morocco 19
50%
Angola, Bhutan, Eritrea, San Marino, Vietnam 113
49%
Suriname 115
48%
Bosnia and Herzegovina, Egypt, Montenegro 122
48%
Colombia, Lesotho 123
48%
Benin, Burundi, Cambodia, Central African Republic, Gambia, Guinea, Liechtenstein, Madagascar, Mauritania, Republic of Congo, Switzerland, Togo 117
46%
Nicaragua 118
45%
Burkina Faso, Chad, Comoros,Djibouti, France, Mali, Monaco, Niger, Senegal 17
45%
Mongolia 105
39%
Azerbaijan, Belarus, Kyrgyzstan, Russia, Ukraine, Uzbekistan 102
37%
Cuba 106
36%
Hungary 107
36%
Austria, Chile 133
35%
Bahamas 919
32%
Bulgaria 166
31%
Cyrpus 199
29%
Albania 129
27%
Cape Verde 132
25%
Morocco 150
21%
Brazil 190
21%
Czechia, Slovakia 158
20%
Ivory Coast 170
20%
Laos, Thailand 191
20%
Malawi, Poland 997
20%
Venezuela 171
19%
Croatia, Kosovo, North Macedonia, Serbia 192
19%
Brunei 993
19%
Tunisia 197
18%
Yemen 194
17%
Oman 9999
15%
Sierra Leone 019
10%
Namibia, South Africa 10111
5%
Algeria 1548
5%
Libya 1515
4%
Gabon 1730
4%
No matching quizzes found
Score Distribution
Percent of People with Each Score
Percentile by Number Answered
Your Score History
You have not taken this quiz